Marvel Superhero Alter Egos - Statistics

General Stats
  • This quiz has been taken 52 times
  • The average score is 28 of 44
Answer Stats
Hint Answer % Correct
Spiderman Peter Parker
100%
Captain America Steve Rogers
100%
Iron Man Tony Stark
100%
Hulk Bruce Banner
98%
Black Panther TChalla
98%
Hawkeye Clint Barton
93%
Star Lord Peter Quill
93%
Wolverine James 'Logan' Howlett
91%
Winter Soldier Bucky Barnes
89%
Black Widow Natasha Romanoff
86%
Professor X Charles Xavier
84%
Dr Strange Steven Strange
84%
Scarlet Witch Wanda Maximoff
84%
Captain Marvel Carol Danvers
80%
Quicksilver Pietro Maximoff
80%
Mr Fantastic Reed Richards
80%
Deadpool Wade Wilson
80%
Human Torch Johnny Storm
77%
Falcon Sam Wilson
75%
Ant-Man Scott Lang
73%
Invisible Woman Sue Storm
70%
Daredevil Matt Murdock
68%
Thor Thor Odinson
68%
War Machine James Rhodes
66%
Wasp Hope van Dyne
64%
Cyclops Scott Summers
61%
Thing Ben Grimm
57%
Beast Hank McCoy
57%
Iceman Bobby Drake
55%
the Punisher Frank Castle
55%
Cable Nathan Summers
48%
Iron Fist Danny Rand
45%
Ghost Rider Johnny Blaze
45%
Nightcrawler Kurt Wagner
45%
She-Hulk Jennifer Walters
41%
Storm Ororo Munroe
41%
Rogue Anna Marie
34%
Silver Surfer Norrin Radd
34%
Moon Knight Marc Spector
25%
Colossus Piotr Rasputin
25%
Black Bolt Blackagar Boltagon
20%
Black Knight Dane Whitman
16%
Gambit Remy LaBeau
16%
White Tiger Ava Ayala
9%
No matching quizzes found
Score Distribution
Percent of People with Each Score
Percentile by Number Answered
Your Score History
You have not taken this quiz